000 00572cab a2200217 4500
001 X3639
008 090401t1996 xxu||||| |||| 00| 0 eng d
035 _a(Sirsi) u31727
041 _aeng
245 _aAerial photographs
260 _c1996
350 _a0
490 _aCSM (Chartered Surveyor Monthly)
_v5(9) June 1996, 21(1)
520 _aGives contacts who provide aerial photography services.
650 _aAERIAL PHOTOGRAPHY
650 _aGEOINFORMATION
650 _aORTHOVIEW
690 _aMAPPING AND MEASUREMENT
942 _n0
948 _c04/03/1997
999 _c21297
_d21297